000 00572nam a2200229Ia 4500
003 OSt
005 20221005114237.0
006 a|||||r|||| 00| 0
007 ta
008 221004b |||||||| |||| 00| 0 guj d
024 _a45752
037 _cTextual
040 _aCRL
_cCRL
_bguj
041 _2guj
_aguj
082 _aY73(P15):1, 156K1.1
100 _aDarsak Au.
_9228162
245 0 _aApani Varsone vebhav
260 _c1961
650 _aSOCIOLOGY
942 _hY73(P15):1, 156K1.1
_cTEXL
_2cc
999 _c1030739
_d1030739